| 000 | 00914cam a2200217 4500 | ||
|---|---|---|---|
| 001 | WB3719-26 | ||
| 008 | 000000n2001 000 0 eng u | ||
| 035 | _a(Sirsi) u112585 | ||
| 245 | _aPlanning controls too complex says RTPI report | ||
| 260 | _c2001 | ||
| 490 |
_aUrban Environment Today _v(121) 10 May 2001, 4(1) |
||
| 520 | _aA report for the Royal Town Planning Institute is urging government to reform the planning system and introduce a simplified single structure for approving new development proposals. Copies of "The Simplification of the Planning System" are available from the RTPI. Tel: 020 7636 9107. | ||
| 590 | _aWB | ||
| 650 | _aROYAL TOWN PLANNING INSTITUTE | ||
| 650 | _aPLANNING SYSTEM | ||
| 650 | _aSIMPLIFICATION | ||
| 650 | _aPLANNING APPLICATIONS | ||
| 650 | _aDEVELOPMENT PROPOSALS | ||
| 690 | _aENVIRONMENTAL AND LAND CONSULTANCY-PLANNING AND DEVELOPMENT | ||
| 942 | _n0 | ||
| 999 |
_c67011 _d67011 |
||